[Event "US Women's Championship"]
[Site "Stillwater USA"]
[Date "2007.07.19"]
[EventDate "2007.07.16"]
[Round "7"]
[Result "0-1"]
[White "Tuvshintugs Batchimeg"]
[Black "Anna Zatonskih"]
[WhiteElo "2236"]
[BlackElo "2462"]
[PlyCount "136"]

1. e4 c6 2. d4 d5 3. Nc3 dxe4 4. Nxe4 Bf5 5. Ng3 Bg6 6. h4 h6
7. Nf3 Nd7 8. h5 Bh7 9. Bd3 Bxd3 10. Qxd3 e6 11. Bf4 Qa5+
12. Bd2 Bb4 13. c3 Be7 14. Bf4 Ngf6 15. Ne4 Nxh5 16. Bh2 Nhf6
17. O-O Nxe4 18. Qxe4 Qd5 19. Qf4 Rc8 20. Rfe1 O-O 21. b3 Rfd8
22. Re2 Bf6 23. Rae1 Qa5 24. c4 Nf8 25. Qg4 Ng6 26. c5 Ne7
27. Bd6 Nf5 28. Ne5 Nxd6 29. cxd6 Rxd6 30. Nc4 Rxd4 31. Nxa5
Rxg4 32. Nxb7 Be7 33. Rc1 Rg5 34. Rd2 Rd5 35. Rxd5 exd5
36. Na5 c5 37. Kf1 Kf8 38. Ke2 Ke8 39. Rd1 Rd8 40. Nc6 Rd7
41. Rd3 f6 42. Rg3 Rc7 43. Na5 Bd8 44. Re3+ Kf7 45. Kd3 Rd7
46. Nc6 Bb6 47. Re2 g6 48. b4 Rd6 49. bxc5 Rxc6 50. cxb6 Rxb6
51. Kd4 Rb5 52. f3 Ra5 53. Kc3 Rb5 54. a4 Rb7 55. Kd4 Rb4+
56. Kxd5 Rxa4 57. Kc5 a6 58. Kd6 g5 59. Kd5 h5 60. Rb2 h4
61. Rc2 a5 62. Rc7+ Kg6 63. Rc2 Rb4 64. Ke6 a4 65. Ra2 Rb6+
66. Kd5 Ra6 67. Ra3 Kf5 68. Kc5 Kf4 0-1

[Event "US Women's Championship"]
[Site "Stillwater USA"]
[Date "2007.07.19"]
[EventDate "2007.07.16"]
[Round "8"]
[Result "1-0"]
[White "Anna Zatonskih"]
[Black "Camilla Baginskaite"]
[WhiteElo "2462"]
[BlackElo "2328"]
[PlyCount "59"]

1. d4 Nf6 2. c4 e6 3. Nf3 d5 4. Nc3 Bb4 5. Bg5 h6 6. Bxf6 Qxf6
7. e3 O-O 8. Qc2 dxc4 9. Bxc4 c5 10. O-O cxd4 11. exd4 Nc6
12. Rad1 Rd8 13. Ne4 Qf5 14. Qe2 Be7 15. a3 Bf6 16. Qe3 Ne7
17. Rfe1 b6 18. Ng3 Qa5 19. b4 Qa4 20. Ne4 Nf5 21. Nxf6+ gxf6
22. Qe4 Rb8 23. Nh4 Bb7 24. d5 Rbc8 25. Qg4+ Kf8 26. Nxf5 exf5
27. Qxf5 Kg7 28. Qg4+ Kh8 29. Qf4 Kg7 30. Rd3 1-0

[Event "US Women's Championship"]
[Site "?"]
[Date "2007.07.20"]
[EventDate "2007.07.16"]
[Round "9"]
[Result "0-1"]
[White "Elizabeth Vicary"]
[Black "Anna Zatonskih"]
[WhiteElo "2155"]
[BlackElo "2491"]
[PlyCount "68"]

1. e4 e5 2. Nf3 Nf6 3. Nxe5 d6 4. Nf3 Nxe4 5. c4 Be7 6. Nc3
Nxc3 7. dxc3 Nc6 8. Bf4 Bf5 9. Bd3 Qd7 10. Qc2 Qe6+ 11. Be3
Bg6 12. O-O-O Ne5 13. Nxe5 dxe5 14. f3 O-O 15. Bxg6 hxg6
16. b3 a5 17. Qe4 c6 18. c5 a4 19. Kb2 axb3 20. axb3 Rfd8
21. Rhe1 Rd5 22. c4 Rd7 23. Rxd7 Qxd7 24. Re2 f5 25. Qc2 Bf6
26. Bd2 Qd4+ 27. Bc3 Qxc5 28. Kb1 Qg1+ 29. Re1 Qxh2 30. g4
Qxc2+ 31. Kxc2 Re8 32. g5 Bxg5 33. Rg1 Bf6 34. Rxg6 Kf7 0-1

[Event "The Aquarium of Curacao, Netherlands"]
[Site "The Aquarium of Curacao, Netherlands"]
[Date "2008.??.??"]
[EventDate "?"]
[Round "?"]
[Result "1/2-1/2"]
[White "Robin Swinkels"]
[Black "Anna Zatonskih"]
[WhiteElo "2433"]
[BlackElo "2458"]
[PlyCount "84"]

1.e4 {In the 2008 Curacao Chess Festival (July 26-August 4)
U.S. Women's Champion Anna Zatonskih drew against IM Robin
Swinkels (Netherlands) in the first known underwater match,
held in the Curacao Aquarium. International Arbiter Alex Roose
devised the event, which was organized by Lions Dive & Beach
Resort.} e6 2.d4 d5 3.Nc3 dxe4 4.Nxe4 Nd7 5.Nf3 Ngf6 6.Bd3
Nxe4 7.Bxe4 Nf6 8.Bg5 h6 9.Bxf6 Qxf6 10.Qe2 c6 11.O-O Bd6
12.c4 O-O 13.Rad1 Rd8 14.Rfe1 Bd7 15.a3 Be8 16.Bc2 b6 17.b4 a5
18.c5 Bc7 19.Ne5 axb4 20.axb4 bxc5 21.bxc5 Qe7 22.Qe4 g6
23.Nxc6 Bxc6 24.Qxc6 Rac8 25.Qe4 Qf6 26.d5 exd5 27.Rxd5 Rxd5
28.Qxd5 Ba5 29.Rd1 Qc6 30.Bb3 Qxd5 31.Rxd5 Rd8 32.Re5 Kf8
33.g3 Bc3 34.Re4 Rd4 35.Re3 Bb4 36.Rf3 f5 37.c6 Ba5 38.Re3 Rd6
39.Ba4 Bc7 40.Kg2 Rd4 41.Bb5 Rd5 42.Ba4 Rd4 1/2-1/2

[Event "Women's World Championship"]
[Site "Nalchik RUS"]
[Date "2008.09.01"]
[EventDate "2008.08.29"]
[Round "2.1"]
[Result "1-0"]
[White "Tatiana Kosintseva"]
[Black "Anna Zatonskih"]
[WhiteElo "2511"]
[BlackElo "2446"]
[PlyCount "73"]

1. e4 e5 2. Nf3 Nf6 3. d4 Nxe4 4. Bd3 d5 5. Nxe5 Nd7 6. Nc3
Nxc3 7. bxc3 Nxe5 8. dxe5 Be7 9. Qh5 Be6 10. Rb1 Qd7 11. Bg5
g6 12. Qh4 Bxg5 13. Qxg5 b6 14. O-O O-O 15. f4 Qd8 16. Qg3 Kh8
17. f5 gxf5 18. Bxf5 Rg8 19. Qh3 Bxf5 20. Rxf5 Rg7 21. Rbf1
Qe7 22. Qf3 Rd8 23. Kh1 Kg8 24. Qh5 Re8 25. R1f3 a5 26. R3f4
b5 27. Qf3 Qe6 28. h4 c5 29. h5 b4 30. cxb4 axb4 31. Rg4 Rxg4
32. Qxg4+ Kh8 33. Qf4 Re7 34. h6 Qg6 35. Kg1 d4 36. Rf6 Qxc2
37. Qg5 1-0

[Event "Women's World Championship"]
[Site "Nalchik RUS"]
[Date "2008.09.01"]
[EventDate "2008.08.29"]
[Round "2.2"]
[Result "1/2-1/2"]
[White "Anna Zatonskih"]
[Black "Tatiana Kosintseva"]
[WhiteElo "2446"]
[BlackElo "2511"]
[PlyCount "115"]

1. d4 Nf6 2. c4 e6 3. Nc3 Bb4 4. Qc2 O-O 5. e4 d5 6. e5 Ne4
7. Bd3 c5 8. Nge2 cxd4 9. Nxd4 Nd7 10. Bf4 Ndc5 11. O-O Nxd3
12. Qxd3 Nxc3 13. bxc3 Be7 14. Qg3 Kh8 15. Rfd1 Qa5 16. Nb3
Qa3 17. Bc1 Qa6 18. Bg5 Bxg5 19. Qxg5 Qxc4 20. Qe7 Kg8 21. Rd4
Qe2 22. c4 b6 23. cxd5 exd5 24. Rd2 Qe4 25. Nd4 Ba6 26. Nf3
Bc4 27. Re1 Qg6 28. h3 h6 29. Rd4 Qe6 30. Qh4 f5 31. Rd2 Rae8
32. Qd4 f4 33. Qc3 Qg6 34. Nd4 Qg5 35. Nf3 Qg6 36. Qa3 Rf7
37. Nd4 Qg5 38. e6 Rf6 39. f3 Rg6 40. Qxa7 Kh7 41. Qxb6 Qh4
42. Rf2 Rxg2+ 43. Kxg2 Qg3+ 44. Kh1 Qxf2 45. Rg1 Be2 46. Rxg7+
Kh8 47. Qc7 Bxf3+ 48. Nxf3 Qxf3+ 49. Rg2 Qxh3+ 50. Kg1 Qe3+
51. Kh2 Rg8 52. Rxg8+ Kxg8 53. Qf7+ Kh8 54. Qf6+ Kh7 55. e7
Qf2+ 56. Kh1 Qf1+ 57. Kh2 Qf2+ 58. Kh1 1/2-1/2

[Event "Euro Club Cup (Women)"]
[Site "Kallithea GRE"]
[Date "2008.10.17"]
[EventDate "2008.10.17"]
[Round "1"]
[Result "0-1"]
[White "Irina Len"]
[Black "Anna Zatonskih"]
[WhiteElo "2091"]
[BlackElo "2440"]
[PlyCount "68"]

1. d4 e6 2. Nf3 Nf6 3. e3 c5 4. Bd3 b6 5. Nbd2 Bb7 6. O-O Be7
7. b3 O-O 8. Bb2 cxd4 9. exd4 d6 10. c4 Nc6 11. Rc1 Rc8
12. Bb1 d5 13. Ne5 dxc4 14. Nxc6 Rxc6 15. bxc4 Rc7 16. Qe2 Qd7
17. Rfd1 Rfc8 18. Qd3 g6 19. h4 Nh5 20. Qe3 Bxh4 21. g4 Nf6
22. f3 Ne8 23. g5 Qe7 24. f4 h6 25. gxh6 Bf6 26. Kf2 Nd6
27. Ba3 Qd7 28. Bxd6 Qxd6 29. d5 exd5 30. Nf3 d4 31. Nxd4 Qc5
32. Nb5 Bh4+ 33. Ke2 Re7 34. Rd3 Rce8 0-1

[Event "Euro Club Cup (Women)"]
[Site "Kallithea GRE"]
[Date "2008.10.18"]
[EventDate "2008.10.17"]
[Round "2"]
[Result "1/2-1/2"]
[White "Anna Zatonskih"]
[Black "Viktorija Cmilyte"]
[WhiteElo "2440"]
[BlackElo "2512"]
[PlyCount "65"]

1. d4 Nf6 2. c4 g6 3. Nc3 d5 4. cxd5 Nxd5 5. Bd2 Bg7 6. Nf3
O-O 7. Rc1 Nb6 8. Bg5 c6 9. e3 N8d7 10. Be2 Qe8 11. a4 e5
12. a5 exd4 13. exd4 Nc4 14. O-O Nd6 15. Re1 Nf6 16. d5 c5
17. a6 Qd8 18. Ne5 h6 19. Be3 Re8 20. axb7 Bxb7 21. Nc6 Qd7
22. Bxc5 Nde4 23. Nxe4 Rxe4 24. Bb5 Rxe1+ 25. Qxe1 Kh7 26. Qf1
Qxd5 27. Na5 a6 28. Be2 Ne4 29. Bf3 Re8 30. b4 Ba8 31. Nc4 Qg5
32. Be3 Qb5 33. Nb6 1/2-1/2

[Event "Euro Club Cup (Women)"]
[Site "Kallithea GRE"]
[Date "2008.10.19"]
[EventDate "2008.10.17"]
[Round "3"]
[Result "0-1"]
[White "Elina Danielian"]
[Black "Anna Zatonskih"]
[WhiteElo "2513"]
[BlackElo "2440"]
[PlyCount "138"]

1. d4 d5 2. Nf3 Nf6 3. c4 e6 4. e3 c5 5. Nc3 Nc6 6. a3 a6
7. dxc5 Bxc5 8. b4 Be7 9. cxd5 exd5 10. Bb2 O-O 11. Be2 Be6
12. O-O Qd6 13. Rc1 Rfd8 14. Na4 Nd7 15. Nd4 Rac8 16. Nb3 Qb8
17. Nac5 Nxc5 18. Nxc5 Bxc5 19. Rxc5 Ne5 20. Rxc8 Rxc8 21. f4
Nc4 22. Bxc4 dxc4 23. Be5 Qa7 24. Bd4 b6 25. f5 Bd5 26. f6 Qd7
27. Qh5 Be4 28. h4 Bg6 29. Qg5 h6 30. Qg3 Qd5 31. Qg4 Qe6
32. Qf4 Qe4 33. Qg3 Qd5 34. fxg7 c3 35. Qf4 Qh5 36. Qd6 c2
37. Bb2 Qxh4 38. Qxb6 Qg4 39. Qb7 Rd8 40. Qe7 Qd7 41. Qh4 h5
42. Qg5 Qd1 43. Qh6 Bh7 44. Qf4 Bg6 45. Kh2 Qd6 46. Be5 Qe6
47. Bf6 Rc8 48. Bb2 Bd3 49. Rc1 Qg6 50. Bd4 Be4 51. Qg3 Kh7
52. Bb2 Rd8 53. Qxg6+ Bxg6 54. Bd4 Rd6 55. a4 f6 56. b5 axb5
57. axb5 Kxg7 58. b6 Rd5 59. Rf1 Bd3 60. b7 Rb5 61. Rxf6 Rxb7
62. Rc6+ Kf7 63. e4 Bxe4 64. Rc3 Ke6 65. Be3 Rg7 66. g3 Rf7
67. Bf4 Kd5 68. Bh6 Rf1 69. g4 h4 0-1

[Event "Euro Club Cup (Women)"]
[Site "Kallithea GRE"]
[Date "2008.10.20"]
[EventDate "2008.10.17"]
[Round "4"]
[Result "1/2-1/2"]
[White "Anna Zatonskih"]
[Black "Alisa Maric"]
[WhiteElo "2440"]
[BlackElo "2405"]
[PlyCount "53"]

1. e4 e6 2. d4 d5 3. Nd2 dxe4 4. Nxe4 Nd7 5. Nf3 Ngf6 6. Bd3
Nxe4 7. Bxe4 Nf6 8. Bg5 Qd6 9. Bxf6 gxf6 10. c3 Bd7 11. Nd2 c6
12. Qf3 f5 13. Nc4 Qc7 14. Bd3 c5 15. O-O O-O-O 16. Ne5 Bc6
17. Nxc6 Qxc6 18. Qxc6+ bxc6 19. Ba6+ Kc7 20. dxc5 Bxc5
21. Rfd1 Rxd1+ 22. Rxd1 Rd8 23. Rxd8 Kxd8 24. Kf1 Kd7 25. Ke2
h6 26. h3 Bd6 27. Ke3 1/2-1/2

[Event "Euro Club Cup (Women)"]
[Site "Kallithea GRE"]
[Date "2008.10.23"]
[EventDate "2008.10.17"]
[Round "7"]
[Result "1/2-1/2"]
[White "Anna Ushenina"]
[Black "Anna Zatonskih"]
[WhiteElo "2496"]
[BlackElo "2440"]
[PlyCount "50"]

1. d4 d5 2. c4 c6 3. Nc3 Nf6 4. cxd5 cxd5 5. Bf4 Nc6 6. e3 e6
7. Bd3 Be7 8. h3 a6 9. Nf3 b5 10. O-O Bb7 11. a4 b4 12. Nb1
O-O 13. Nbd2 Na5 14. Nb3 Nxb3 15. Qxb3 Qa5 16. Bc2 Rfc8
17. Ne5 Ne4 18. Rfd1 Qd8 19. a5 Nd6 20. Bd3 f6 21. Nf3 Nc4
22. Qa2 Kh8 23. Rdc1 Nd6 24. Nd2 Rxc1+ 25. Rxc1 Rc8 1/2-1/2

[Event "Women's Olympiad"]
[Site "Dresden GER"]
[Date "2008.11.16"]
[EventDate "2008.11.13"]
[Round "4"]
[Result "1/2-1/2"]
[White "Anna Zatonskih"]
[Black "Karolina Smokina"]
[WhiteElo "2440"]
[BlackElo "2235"]
[PlyCount "67"]

1. e4 c5 2. c3 d5 3. exd5 Qxd5 4. d4 Nc6 5. Nf3 Bg4 6. Be2
cxd4 7. cxd4 e6 8. Nc3 Bb4 9. O-O Qa5 10. h3 Bh5 11. a3 Bxc3
12. bxc3 Nge7 13. Qb3 O-O 14. Rd1 Qc7 15. c4 Na5 16. Qb5 Bxf3
17. Bxf3 Nxc4 18. Qxb7 Qxb7 19. Bxb7 Rab8 20. Ba6 Nd6 21. Bd2
Rb6 22. Bd3 Nd5 23. a4 Rb3 24. Bf1 Ne4 25. Be1 Rb2 26. Rac1
Rfb8 27. Rc6 g6 28. Bd3 Nef6 29. Bb5 Kg7 30. Rdc1 Nf4 31. Kf1
Ne4 32. Rd1 Nd5 33. Kg1 Rb6 34. Rcc1 1/2-1/2

[Event "Women's Olympiad"]
[Site "Dresden GER"]
[Date "2008.11.17"]
[EventDate "2008.11.13"]
[Round "5"]
[Result "0-1"]
[White "Sheila Barth Berntsen Sahl"]
[Black "Anna Zatonskih"]
[WhiteElo "2219"]
[BlackElo "2440"]
[PlyCount "128"]

1. e4 c6 2. d4 d5 3. exd5 cxd5 4. c4 Nf6 5. Nc3 e6 6. Nf3 Bb4
7. Be3 O-O 8. Bd3 dxc4 9. Bxc4 Bxc3+ 10. bxc3 Qc7 11. Qd3 b6
12. O-O Bb7 13. Nd2 Nbd7 14. Rac1 Ng4 15. g3 Qc6 16. f3 Nxe3
17. Qxe3 Nf6 18. Bd3 Rac8 19. c4 Qa4 20. Bc2 Qd7 21. Rfd1 Ba6
22. Bb3 Rfd8 23. Ne4 Qe7 24. d5 Nxe4 25. fxe4 e5 26. Rd2 Qc5
27. Qxc5 Rxc5 28. Rdc2 Kf8 29. Kf2 Ke7 30. Ke3 Rd6 31. Rf1 f6
32. h4 Bc8 33. Rg1 Bg4 34. Rgc1 Rd8 35. Rc3 Rdc8 36. Ba4 Ra5
37. Bb3 Kd6 38. R3c2 Rc7 39. Rc3 Bc8 40. Rg1 Rac5 41. g4 b5
42. g5 f5 43. Rgc1 fxe4 44. Kxe4 Bb7 45. g6 h6 46. Ke3 bxc4
47. Bc2 Bxd5 48. Rf1 Ke7 49. Ra3 c3 50. Rf5 Be6 51. Rf1 Rb5
52. Bb3 c2 53. Bxc2 Rxc2 54. Rxa7+ Kd6 55. Rxg7 Rxa2 56. Rd1+
Bd5 57. Rh7 Rh2 58. Rd3 Rxh4 59. g7 Rh3+ 60. Kd2 Rxd3+
61. Kxd3 Rb3+ 62. Kd2 Rg3 63. Rxh6+ Kc5 64. Rh5 Kd4 0-1

[Event "Women's Olympiad"]
[Site "Dresden GER"]
[Date "2008.11.20"]
[EventDate "2008.11.13"]
[Round "7"]
[Result "1/2-1/2"]
[White "Anna Zatonskih"]
[Black "Zhao Xue"]
[WhiteElo "2440"]
[BlackElo "2518"]
[PlyCount "117"]

1. d4 Nf6 2. c4 e6 3. Nc3 Bb4 4. e3 O-O 5. Bd3 c5 6. Nf3 b6
7. O-O Bb7 8. Bd2 cxd4 9. exd4 Be7 10. Qe2 Nc6 11. d5 Nb4
12. a3 Nxd3 13. Qxd3 exd5 14. cxd5 d6 15. Rfe1 Qd7 16. Nd4
Rfe8 17. Nf5 Bf8 18. h3 Re5 19. Ne3 Rc8 20. Qd4 Rce8 21. Nc4
Rxe1+ 22. Rxe1 Rxe1+ 23. Bxe1 Ne8 24. Ne4 Qf5 25. Ne3 Qe5
26. Qa4 Bc8 27. Bc3 Qe7 28. Qd4 Nc7 29. a4 f6 30. b4 Qf7
31. Bb2 Bb7 32. Nc3 Qd7 33. b5 Bc8 34. Qc4 Bb7 35. Qb4 Qf7
36. Qd4 g6 37. a5 Bh6 38. axb6 Bxe3 39. Qxe3 axb6 40. Qxb6 Ne8
41. Qd8 Kf8 42. f3 Qc7 43. Qxc7 Nxc7 44. b6 Na8 45. Na4 Ke7
46. Kf2 Bxd5 47. Ke3 Bb7 48. h4 Ke6 49. Bd4 Kd5 50. Bxf6 Kc4
51. Bd4 Kb3 52. Nc3 Nxb6 53. Bxb6 Kxc3 54. Bc7 Kc4 55. Bxd6
Kd5 56. Ba3 Ke6 57. Kf4 h5 58. Bb2 Ba6 59. Ke4 1/2-1/2

[Event "Women's Olympiad"]
[Site "Dresden GER"]
[Date "2008.11.21"]
[EventDate "2008.11.13"]
[Round "8"]
[Result "0-1"]
[White "Tatiana Kosintseva"]
[Black "Anna Zatonskih"]
[WhiteElo "2513"]
[BlackElo "2440"]
[PlyCount "78"]

1. e4 e5 2. Nf3 Nf6 3. d4 Nxe4 4. Bd3 d5 5. Nxe5 Nd7 6. Nc3
Nxc3 7. bxc3 Nxe5 8. dxe5 Bc5 9. Qh5 Be6 10. Rb1 Bb6 11. O-O
h6 12. Kh1 g6 13. Qe2 Qd7 14. Be3 Bf5 15. Qf3 O-O-O 16. a4
Qxa4 17. Bxb6 cxb6 18. Ra1 Qg4 19. Qe3 Bxd3 20. cxd3 Kb8
21. f4 Qe6 22. Ra3 Rc8 23. h3 Rhd8 24. Qd4 a6 25. g4 b5 26. f5
Qe7 27. Raa1 g5 28. e6 fxe6 29. Rae1 Rc6 30. f6 Qf7 31. Rb1
Rf8 32. c4 dxc4 33. dxc4 bxc4 34. Rb4 e5 35. Qxe5+ Qc7 36. Qc3
Rf7 37. Rbb1 Rd6 38. Qe5 Rd3 39. Qe8+ Ka7 0-1

[Event "Women's Olympiad"]
[Site "Dresden GER"]
[Date "2008.11.22"]
[EventDate "2008.11.13"]
[Round "9"]
[Result "1/2-1/2"]
[White "Anna Zatonskih"]
[Black "Iweta Radziewicz Rajlich"]
[WhiteElo "2440"]
[BlackElo "2404"]
[PlyCount "103"]

1. e4 e6 2. d4 d5 3. Nd2 c5 4. Ngf3 cxd4 5. exd5 Qxd5 6. Bc4
Qd6 7. O-O Nf6 8. Nb3 Nc6 9. Nbxd4 Nxd4 10. Qxd4 Bd7 11. Be2
Qxd4 12. Nxd4 Bc5 13. Nb3 Bb6 14. Bf3 Rc8 15. a4 Bc6 16. a5
Bd8 17. Bxc6+ Rxc6 18. Nd4 Rc5 19. a6 bxa6 20. Rxa6 Bb6 21. c3
O-O 22. Nc2 Nd5 23. Rd1 Rfc8 24. Ra1 R5c7 25. Kf1 f5 26. Nd4
Bxd4 27. Rxd4 Rb7 28. Rda4 Rcc7 29. Ke2 Kf7 30. R1a2 e5
31. Be3 Nb6 32. Rb4 Nc4 33. Rxa7 Rxa7 34. Bxa7 Ke6 35. Be3 f4
36. Bc1 g5 37. Ra4 e4 38. Ra6+ Kf5 39. b3 f3+ 40. gxf3 exf3+
41. Kd1 Ne5 42. Ra5 Ke4 43. Bxg5 Ng4 44. Bh4 Rxc3 45. Ra4+ Kf5
46. Bg3 Rxb3 47. Rf4+ Kg5 48. h4+ Kh5 49. Rf5+ Kh6 50. Bf4+
Kg6 51. Rg5+ Kf6 52. Kc2 1/2-1/2

[Event "Women's Olympiad"]
[Site "Dresden GER"]
[Date "2008.11.25"]
[EventDate "2008.11.13"]
[Round "11"]
[Result "1/2-1/2"]
[White "Almira Skripchenko"]
[Black "Anna Zatonskih"]
[WhiteElo "2455"]
[BlackElo "2440"]
[PlyCount "74"]

1. e4 e5 2. Nf3 Nf6 3. Nxe5 d6 4. Nf3 Nxe4 5. d4 d5 6. Bd3 Nc6
7. O-O Be7 8. Nc3 Nxc3 9. bxc3 Bg4 10. Re1 O-O 11. Bf4 Bf6
12. Re3 Qd7 13. h3 Be6 14. Qe2 Be7 15. Rb1 Rab8 16. Re1 Rbc8
17. Nd2 Bf5 18. Qh5 Bg6 19. Qf3 Rcd8 20. Qg3 Bd6 21. h4 Bxf4
22. Qxf4 Qd6 23. Qf3 Bxd3 24. Rxd3 Rfe8 25. Rde3 Rxe3 26. Rxe3
h6 27. h5 Qd7 28. Nf1 Ne7 29. Qf4 Nc8 30. Rg3 Nd6 31. Ne3 Qe6
32. Ng4 Ne4 33. Re3 Qd6 34. Qf5 Qd7 35. Qf4 Qd6 36. Qf5 Qd7
37. Qf4 Qd6 1/2-1/2

[Event "Gibtelecom"]
[Site "Catalan Bay GIB"]
[Date "2009.01.27"]
[EventDate "2009.01.27"]
[Round "1"]
[Result "0-1"]
[White "Ewoud de Groote"]
[Black "Anna Zatonskih"]
[WhiteElo "2203"]
[BlackElo "2462"]
[PlyCount "100"]

1. e4 c6 2. d4 d5 3. e5 c5 4. Nf3 Bg4 5. dxc5 Nc6 6. Bb5 Qa5+
7. Nc3 e6 8. h3 Bxf3 9. Qxf3 Bxc5 10. O-O Nge7 11. Bf4 O-O
12. Bd3 Ng6 13. Rfe1 Bd4 14. Rab1 Bxe5 15. Bd2 Qd8 16. Qh5 Bf6
17. f4 Nb4 18. f5 Nxd3 19. cxd3 Ne5 20. fxe6 Nxd3 21. e7 Bxe7
22. Nxd5 Nxe1 23. Rxe1 Bc5+ 24. Kh1 Qd6 25. Bc3 Rae8 26. Rd1
Qg6 27. Nf6+ gxf6 28. Qxc5 Re2 29. Qd5 Qe4 30. Qxe4 Rxe4
31. Rd7 Rb8 32. Bxf6 Re6 33. Bd4 a6 34. Ba7 Rbe8 35. Rxb7 R6e7
36. Rxe7 Rxe7 37. Bd4 f5 38. Kg1 Re2 39. Kh2 f4 40. Kg1 Kf7
41. Kf1 Rc2 42. a4 Rc4 43. Bh8 Rxa4 44. Kf2 Ke6 45. g3 Kf5
46. Bg7 Rb4 47. gxf4 Kxf4 48. Bh6+ Ke4 49. Bg7 Rb3 50. Kg2 a5
0-1

[Event "Gibtelecom"]
[Site "Catalan Bay GIB"]
[Date "2009.01.29"]
[EventDate "2009.01.27"]
[Round "3"]
[Result "0-1"]
[White "Alan Tate"]
[Black "Anna Zatonskih"]
[WhiteElo "2170"]
[BlackElo "2462"]
[PlyCount "50"]

1. e4 c6 2. d4 d5 3. e5 c5 4. c4 cxd4 5. Qxd4 Nc6 6. Qxd5 Bf5
7. Nf3 e6 8. Qb5 Bc2 9. Nfd2 Qc7 10. c5 Qxe5+ 11. Be2 O-O-O
12. Nc3 Qxc5 13. Nb3 Qxb5 14. Bxb5 Bb4 15. Bg5 Rd5 16. Bxc6
Rxg5 17. Bf3 Re5+ 18. Kd2 Bxb3 19. axb3 Kb8 20. Ra4 a5 21. Kc2
Nf6 22. Rd1 Rc8 23. Raa1 g5 24. h3 h5 25. g3 Rf5 0-1

[Event "Gibtelecom"]
[Site "Catalan Bay GIB"]
[Date "2009.01.30"]
[EventDate "2009.01.27"]
[Round "4"]
[Result "1-0"]
[White "Anna Zatonskih"]
[Black "Juan Antonio Urbina Perez"]
[WhiteElo "2462"]
[BlackElo "2215"]
[PlyCount "69"]

1. d4 d5 2. c4 c6 3. Nf3 Nf6 4. e3 a6 5. Nc3 b5 6. b3 Bg4
7. Be2 e6 8. O-O Bd6 9. Bb2 O-O 10. h3 Bh5 11. Ne5 Bxe2
12. Qxe2 bxc4 13. bxc4 Nbd7 14. Nxd7 Nxd7 15. e4 Bb4 16. cxd5
Bxc3 17. Bxc3 cxd5 18. e5 a5 19. Qb5 Qc7 20. Rfc1 Rfb8 21. Qe2
Qa7 22. Qg4 Nb6 23. Bd2 Kh8 24. Rc3 Nc4 25. Bg5 Rg8 26. Qh4
Qb8 27. Rb3 Qf8 28. Rab1 h6 29. Rf3 Ra7 30. Bxh6 gxh6 31. Rb8
Qg7 32. Rxg8+ Qxg8 33. Rf6 Qg7 34. Rxh6+ Kg8 35. Qd8+ 1-0

[Event "Gibtelecom"]
[Site "Catalan Bay GIB"]
[Date "2009.01.31"]
[EventDate "2009.01.27"]
[Round "5"]
[Result "1-0"]
[White "Ferenc Berkes"]
[Black "Anna Zatonskih"]
[WhiteElo "2651"]
[BlackElo "2462"]
[PlyCount "71"]

1. d4 d5 2. c4 c6 3. Nf3 Nf6 4. Nc3 dxc4 5. a4 e6 6. e3 c5
7. Bxc4 Nc6 8. O-O cxd4 9. Nxd4 Bd7 10. e4 Bb4 11. Nf3 Qa5
12. Qe2 O-O 13. e5 Nd5 14. Ne4 Nde7 15. Rd1 Rad8 16. Nd6 Bc8
17. Bf4 Ng6 18. Bg3 Rd7 19. h4 Rfd8 20. Bb5 a6 21. Bxc6 bxc6
22. h5 Bxd6 23. hxg6 Be7 24. Rxd7 Rxd7 25. gxf7+ Kxf7 26. Qe4
h6 27. Rc1 c5 28. Rc4 Ke8 29. Qg6+ Kd8 30. Qxg7 Bb7 31. Qg8+
Kc7 32. Qxe6 Bd5 33. Qg4 h5 34. e6+ Kb6 35. Qxh5 Rd8 36. b4
1-0

[Event "Gibtelecom"]
[Site "Catalan Bay GIB"]
[Date "2009.02.01"]
[EventDate "2009.01.27"]
[Round "6"]
[Result "1-0"]
[White "Anna Zatonskih"]
[Black "Johannes Luangtep Kvisla"]
[WhiteElo "2462"]
[BlackElo "2208"]
[PlyCount "73"]

1. e4 e5 2. Nf3 Nc6 3. Bb5 a6 4. Ba4 Nf6 5. O-O Be7 6. Re1 b5
7. Bb3 d6 8. c3 O-O 9. h3 a5 10. d4 a4 11. Bc2 Bd7 12. Na3 Rb8
13. d5 Na7 14. c4 Ra8 15. c5 c6 16. b3 axb3 17. axb3 Qb8
18. Bb2 Re8 19. Nb1 Bf8 20. cxd6 Bxd6 21. dxc6 Bxc6 22. Nc3
Bb4 23. Re2 Rd8 24. Qc1 Nc8 25. Nd5 Nxd5 26. exd5 Bxd5
27. Bxe5 Qb6 28. Rxa8 Bxa8 29. Qf4 Bd6 30. Qh4 h6 31. Bd4 Qc7
32. Qg4 Bf8 33. Qf5 g6 34. Qf6 Rxd4 35. Nxd4 Bg7 36. Re8+ Kh7
37. Ne6 1-0

[Event "Gibtelecom"]
[Site "Catalan Bay GIB"]
[Date "2009.02.03"]
[EventDate "2009.01.27"]
[Round "8"]
[Result "1-0"]
[White "Anna Zatonskih"]
[Black "Florian Armbrust"]
[WhiteElo "2462"]
[BlackElo "2321"]
[PlyCount "107"]

1. d4 Nf6 2. Nf3 g6 3. c4 Bg7 4. g3 d6 5. Bg2 O-O 6. O-O Nbd7
7. Nc3 e5 8. e4 c6 9. h3 exd4 10. Nxd4 Qb6 11. Re1 Ne8 12. Nb3
a5 13. Be3 Qb4 14. Nd4 a4 15. a3 Qa5 16. f4 Nc5 17. Qc2 Bxd4
18. Bxd4 Nb3 19. Rad1 Nxd4 20. Rxd4 Be6 21. Bf1 f6 22. Kh2 Bf7
23. Rd2 Kg7 24. Qd1 Kg8 25. Kg2 Be6 26. Be2 Kg7 27. Rf1 f5
28. exf5 gxf5 29. Re1 Rf6 30. Bh5 Qc5 31. Nxa4 Qa5 32. Nc3 Qc5
33. Bxe8 Rxe8 34. Rxd6 Qxc4 35. Kh2 Rf7 36. Qd4+ Qxd4 37. Rxd4
Rfe7 38. Kg1 Bf7 39. Rxe7 Rxe7 40. Kf2 Bh5 41. Rd2 Kf7 42. Na4
Ke8 43. Nc5 Kf8 44. Nd7+ Kf7 45. Ne5+ Ke6 46. g4 fxg4 47. hxg4
Be8 48. Ke3 c5 49. Ke4 Ba4 50. f5+ Kf6 51. Kf4 Kg7 52. g5 Re8
53. f6+ Kf8 54. Rh2 1-0

[Event "Gibtelecom"]
[Site "Catalan Bay GIB"]
[Date "2009.02.04"]
[EventDate "2009.01.27"]
[Round "9"]
[Result "1/2-1/2"]
[White "Espen Forsaa"]
[Black "Anna Zatonskih"]
[WhiteElo "2322"]
[BlackElo "2462"]
[PlyCount "97"]

1. e4 c6 2. d4 d5 3. exd5 cxd5 4. c4 Nf6 5. Nc3 e6 6. Nf3 Bb4
7. cxd5 Nxd5 8. Qc2 Nc6 9. Bd3 Ba5 10. a3 h6 11. O-O O-O
12. Rd1 Bb6 13. Bc4 Qd6 14. Qe4 Rd8 15. Be3 Nce7 16. Nb5 Qd7
17. Ne5 Qe8 18. Nc3 Bd7 19. Bxh6 f5 20. Qh4 Bc6 21. Qg3 Qf8
22. Bg5 Bc7 23. Qh4 Bxe5 24. Bxe7 Bf6 25. Bxf6 Qxf6 26. Qxf6
gxf6 27. Bxd5 Bxd5 28. Rac1 Bc6 29. d5 Bxd5 30. Nxd5 Rxd5
31. Rxd5 exd5 32. Kf1 Kf7 33. Rc7+ Ke6 34. Rxb7 Rc8 35. Ke2
Rc2+ 36. Ke3 f4+ 37. Kxf4 Rxf2+ 38. Kg3 Rc2 39. h4 d4 40. Kf3
d3 41. g3 Rh2 42. Rb3 d2 43. Rd3 a5 44. b3 Ke5 45. Rd8 f5
46. Ke3 Rh3 47. Kf2 f4 48. gxf4+ Ke4 49. Rxd2 1/2-1/2

[Event "Gibtelecom"]
[Site "Catalan Bay GIB"]
[Date "2009.02.05"]
[EventDate "2009.01.27"]
[Round "10"]
[Result "1-0"]
[White "Anna Zatonskih"]
[Black "Elias Demac"]
[WhiteElo "2462"]
[BlackElo "1993"]
[PlyCount "35"]

1. e4 c5 2. g3 d5 3. exd5 Qxd5 4. Nf3 Bg4 5. Bg2 Qe6+ 6. Kf1
Nc6 7. h3 Bh5 8. d3 Qd7 9. Be3 e5 10. Nc3 Rd8 11. Nxe5 Bxd1
12. Nxd7 Bxc2 13. Bxc6 Bxd3+ 14. Kg2 bxc6 15. Nxf8 Ne7
16. Bxc5 Kxf8 17. Rhe1 Re8 18. Rxe7 1-0